Normal view
MARC view
Entry Topical Term
001 - CONTROL NUMBER
- control field: 29261
003 - CONTROL NUMBER IDENTIFIER
- control field: OSt
005 - DATE AND TIME OF LATEST TRANSACTION
- control field: 20220124145045.0
008 - FIXED-LENGTH DATA ELEMENTS
- fixed length control field: 220124|| aca||aabn | a|a d
040 ## - CATALOGING SOURCE
- Original cataloging agency: OSt
- Transcribing agency: OSt
150 ## - HEADING--TOPICAL TERM
- Topical term or geographic name entry element: Cultural schemas, Cognitive sociology, Automatic cognition, Connectionism, Marr’s levels
670 ## - SOURCE DATA FOUND
- Source citation: Work cat.: (OSt): Boutyline, Andrei Soter, Laura K. 29260, Cultural schemas: What they are, how to find them, and what to do once you’ve caught one
